000 00290nam a2200121Ia 4500
008 190216s9999||||xx |||||||||||||| ||und||
100 _aFathimathu Swaliha
245 0 _aPachaka Vidikal
260 _bPoomkavanam Books Publishers
300 _a65
650 _aIslamic History
942 _cBK
999 _c22326
_d22326